El orden social ante la globalización: procesos estratificadores en Centroamérica durante los años noventa /
Sábháilte in:
| Príomhchruthaitheoir: | |
|---|---|
| Rannpháirtithe: | , , |
| Formáid: | Téacs |
| Clibeanna: |
Cuir clib leis
Níl clibeanna ann, Bí ar an gcéad duine le clib a chur leis an taifead seo!
|
MARC
| LEADER | 00000 a a2200000 04500 | ||
|---|---|---|---|
| 001 | 47256 | ||
| 003 | |||
| 040 | |||
| 100 | |a Pérez Sáinz, Juan Pablo | ||
| 245 | |a El orden social ante la globalización: |b procesos estratificadores en Centroamérica durante los años noventa / |c Juan Pablo Pérez Sáinz, Katharine Andrade-Eekhoff, Santiago Bastos, Michael Herradora | ||
| 700 | |a Andrade-Eekhoff, Katharine | ||
| 700 | |a Bastos, Santiago | ||
| 700 | |a Herradora, Michael | ||
| 773 | |g páginas 447-509 : tablas, gráficos | ||
| 999 | |c 24297 |d 24297 | ||
